000 00239nam a2200097Ia 4500
001 779322
005 20250826165942.0
008 250824s9999 xx 000 0 und d
245 0 _aTEPENİN LANETİ
_cJOHN VERDON
260 _bKORİDOR YAYINLARI
999 _c779322
_d779322